Valuation of intellectual property rights (Record no. 121236)
[ view plain ]
| 000 -LEADER | |
|---|---|
| fixed length control field | 02026cad a22002895a 4500 |
| 001 - CONTROL NUMBER | |
| control field | K121236 |
| 008 - FIXED-LENGTH DATA ELEMENTS--GENERAL INFORMATION | |
| fixed length control field | 130206s2020 xxk f 000 0 eng d |
| 020 ## - INTERNATIONAL STANDARD BOOK NUMBER | |
| ISBN | 9781783213948 |
| 035 ## - SYSTEM CONTROL NUMBER | |
| System control number | (Sirsi) u158643 |
| 041 0# - LANGUAGE CODE | |
| Language code of text/sound track or separate title | eng |
| 110 2# - MAIN ENTRY--CORPORATE NAME | |
| Corporate author | Royal Institution of Chartered Surveyors |
| 245 ## - TITLE STATEMENT | |
| Title | Valuation of intellectual property rights |
| Medium | [electronic resource] |
| 260 ## - PUBLICATION INFORMATION | |
| Place of publication | London |
| Publisher | RICS |
| Date | 2020 |
| 300 ## - PHYSICAL DESCRIPTION | |
| Physical description | 33p |
| 490 #0 - SERIES TITLE | |
| Series statement | RICS Professional Standards and Guidance |
| 520 ## - ABSTRACT | |
| Abstract | Discusses the valuation of intellectual property (IP), a subset of intangible assets. Its purpose is to expand on the International Valuation Standards (IVS) and RICS Valuation – Global Standards (Red Book Global Standards) in order to clarify the legal, functional and economic characteristics of IP that should be considered and reported on in an IP valuation.IP is a legal concept that refers to creations of the mind which are derived from intellectual or creative effort and for which exclusive rights are recognised at law. These rights enable the owner to prohibit others from using their property without permission. IP can be categorised as registered or unregistered, and includes: trademarks, patents, copyright, design rights, plant breeders’ rights and<br/> trade secrets, which in this document mean confidential information that has commercial value. Effective 1 June 2020<br/> |
| 520 ## - ABSTRACT | |
| Abstract | Please note, this document was reissued in May 2023 as a professional standard. It was previously published in March 2020 as a guidance note. The regulatory requirements remain the same. |
| 590 ## - LOCAL NOTE (RLIN) | |
| Local note | KA |
| 650 24 - KEYWORDS | |
| Keywords | INTELLECTUAL PROPERTY |
| 650 24 - KEYWORDS | |
| Keywords | INTERNATIONAL VALUATION STANDARDS |
| 650 24 - KEYWORDS | |
| Keywords | RICS valuation standards |
| 651 #4 - SUBJECT ADDED ENTRY--GEOGRAPHIC NAME | |
| Geographic name | International |
| 690 ## - BROAD SUBJECT | |
| Broad subject | Valuation |
| 9 (RLIN) | 6273 |
| 700 1# - ADDED PERSONAL NAME | |
| Added personal author | Herbeden, Tim |
| 856 40 - ONLINE RESOURCE | |
| Uniform Resource Identifier | <a href="https://www.rics.org/profession-standards/rics-standards-and-guidance/sector-standards/valuation-standards/valuation-of-intellectual-property-rights">https://www.rics.org/profession-standards/rics-standards-and-guidance/sector-standards/valuation-standards/valuation-of-intellectual-property-rights</a> |
| Public note | View free at RICS.org |
| 942 ## - ADDED ENTRY ELEMENTS (KOHA) | |
| Suppress in OPAC | Do not suppress in OPAC |
| Lost status | Source of classification or shelving scheme | Damaged status | Not for loan | Home library | Current library | Shelving location | Date acquired | Total Checkouts | Date last seen | Price effective from | Koha item type |
|---|---|---|---|---|---|---|---|---|---|---|---|
| Dewey Decimal Classification | Virtual | Virtual | Online | 23/03/2020 | 22/03/2023 | 23/03/2020 | Online material |